| 000 | 00737nam a22002177a 4500 | ||
|---|---|---|---|
| 999 |
_c8304 _d8304 |
||
| 003 | AR-CdUCM | ||
| 008 | 190322b ||||| |||| 00| 0 spa d | ||
| 040 |
_aMUNICIPALIDAD PROVINCIAL DEL CUSCO _cBIBLIOTECA MUNICIPAL DEL CUSCO |
||
| 082 |
_22ed. _a574.04 / _bL99 |
||
| 100 |
_aLwoff, André _923340 |
||
| 245 | _aEl orden biológico / | ||
| 260 |
_aMéxico : _bSiglo Veintiuno, _c1970. |
||
| 300 |
_a119 cm. _c15 cm. |
||
| 440 |
_aColección mínima _n1 _915626 |
||
| 505 | _aContenido :Introducción a la biología -- Los problemas -- El orden hereditario -- El orden funcional -- Funciones virales ... | ||
| 650 |
_aBiología _9881 |
||
| 650 |
_aConferencias _9376 |
||
| 650 |
_aEnsayos _9375 |
||
| 942 |
_2ddc _cLIBROS |
||
| 945 | _arum | ||